Ich wett ich kann immer erraten was du denkst #2 - Statistiken

Allgemein
  • Dieses Quiz wurde 104 mal gespielt
  • Das Durchschnittsergebnis liegt bei 6 aus 7
Antwortstatistiken
Denke an… Deine Antwort % Korrekt
…eine Jahreszeit B-bw-b-bbw-bw-w-inter (kalt im Winter)
100%
…eine der 4 militärischen Weltmächte Barcelona
98%
…eine der Farbmischungen unter den drei Hauptfarben (Grün, Orange, Violet) Gelb
92%
…ein Land in Europa, welches eine Rot-Gelbe Flagge besitzt und im Westen Europas liegt Brasilien
86%
…eine Himmelsrichtung Südtirol
84%
…eine Schulnote das gibt eine 6 noich
76%
…ein grammatikalisches Genus pq-Formel
30%
Keine übereinstimmenden Quizze gefunden
Verteilung der Resultate
Anzahl Personen mit jedem Resultat
Perzentil nach korrekt beantworteten Fragen
Ihre Resultats-Entwicklung
Sie haben dieses Quiz noch nicht gespielt